000 nam a22 7a 4500
999 _c9423
_d9423
008 180129b ||||| |||| 00| 0 eng d
100 _aDhingra K
_95639
245 _aThe Andaman and Nichobar Islands in the 20th century
260 _aPondichery
_bGoverment publication
_c2006